BIBLIOTECA

SENCICO

Cocinas y terrazas : ambientes propios (Registro nro. 2566)

Detalles MARC
000 -LEADER
fixed length control field 00446nam a2200193Ia 4500
005 - DATE AND TIME OF LATEST TRANSACTION
control field 20251020182546.0
008 - FIXED-LENGTH DATA ELEMENTS--GENERAL INFORMATION
fixed length control field 200515s9999 xx 000 0 und d
082 ## - DEWEY DECIMAL CLASSIFICATION NUMBER
Classification number 747:728.73/P99
100 ## - MAIN ENTRY--PERSONAL NAME
Personal name Puyana, Laura
245 #0 - TITLE STATEMENT
Title Cocinas y terrazas : ambientes propios
260 ## - PUBLICATION, DISTRIBUTION, ETC.
Place of publication, distribution, etc. Santafé de Bogotá, D.C.
260 ## - PUBLICATION, DISTRIBUTION, ETC.
Date of publication, distribution, etc. 1997
300 ## - PHYSICAL DESCRIPTION
Extent 68
650 ## - SUBJECT ADDED ENTRY--TOPICAL TERM
Topical term or geographic name entry element BAÑO
650 ## - SUBJECT ADDED ENTRY--TOPICAL TERM
Topical term or geographic name entry element COCINAS
650 ## - SUBJECT ADDED ENTRY--TOPICAL TERM
Topical term or geographic name entry element DECORACION
650 ## - SUBJECT ADDED ENTRY--TOPICAL TERM
Topical term or geographic name entry element LIB
942 ## - ADDED ENTRY ELEMENTS (KOHA)
Koha item type Libros
Existencias
Fecha de la última vez que lo usaron Pago total Signatura topográfica completa Código de barras Precio efectivo desde Tipo de documento Estado perdido Estado dañado No es para préstamo Retirado Ubicación permanente Ubicación actual Fecha de adquisición
15/05/2020   747:728.73/P99 Bib-Lima15052566 15/05/2020 Libros         Biblioteca Central Lima Biblioteca Central Lima 15/05/2020